| 000 | 00395nam a2200121Ia 4500 | ||
|---|---|---|---|
| 008 | 210430s9999 xx 000 0 und d | ||
| 082 | _a530.427 S1281 S | ||
| 100 |
_aSamuel A. Safran _952171 |
||
| 245 |
_aStatistical Thermodynamics of Surfaces, Interfaces, and Membranes _cSamuel A. Safran |
||
| 260 |
_aNew york _bAddison-Wesley Publishing Company _c1994 |
||
| 300 | _a270 | ||
| 942 |
_cBK _2ddc |
||
| 999 |
_c563031 _d563031 |
||